000 00409nam a2200145Ia 4500
003 OSt
005 20260119143746.0
008 211028s2013 xx 000 0 und d
040 _cAIMIT LIBRARY
041 _aeng
100 _aNayak, Sandhya; Kudtarkar, Ravi.
_g1116140
_97080
245 _aStudy to increase consumer walk in at big bazzar /
260 _aMangalore
_bRavi Kudtarkar
_c2013
942 _2ddc
_cPRO
999 _c218650
_d218650